Kaamelott - Monologue de Méléagan - Statistiques

Statistiques générales
  • Ce quiz a été pris 353 fois
  • Le résultat moyen est 68 sur 135
Statistiques - réponses
Réponse % Correct
à
92%
a
92%
de
89%
je
87%
Je
87%
que
86%
la
82%
là,
82%
me
81%
ne
79%
en
76%
Et
76%
et
76%
suis
76%
ils
73%
un
71%
retour.
69%
voir
69%
Les
64%
vous
63%
Vous
63%
car
62%
boire,
60%
mes
57%
une
57%
au
56%
comprennent
55%
ennemis
54%
pas ?
54%
pas
54%
l'eau
48%
Alors
47%
Moi,
47%
c'est
46%
neige
46%
quand
46%
tout,
46%
Mais
44%
qui
44%
petit
43%
retire ...
43%
tressaillent,
43%
jour,
42%
corneille
41%
dessèche,
41%
croupie ...
40%
Guenièvre !
40%
ruisseau.
37%
ruisseau,
37%
plus
36%
Plus
36%
retraite
36%
retraite,
36%
trouvé
36%
puis,
35%
d'eau.
34%
d'un
34%
près
34%
rampe,
34%
toujours
34%
aux
33%
feuilles ...
33%
sans
33%
tas
33%
j'ai
32%
rien
32%
sous
32%
goutte
31%
leur
31%
pensais
31%
loin
30%
mangeant
30%
tête
30%
avec
29%
faire
29%
pieds,
29%
qu'elle
29%
soif.
29%
léchant
28%
cause
27%
pleurer.
27%
cadavre
26%
entendu
26%
petite
26%
saisons
26%
auriez
25%
clairière ...
25%
Magnifique ...
25%
prennent
25%
quelqu'un
25%
ici,
24%
survolent
24%
tocards
24%
raconte
23%
Pourtant
22%
recommence
22%
Soleil.
21%
croyez-vous
20%
rayon
20%
soupçonner ...
20%
rentrer ?
17%
oeil,
16%
j'ouvre
15%
m'faites
13%
Aucun quiz correspondant
Distribution des résultats
% des personnes avec chaque résultat
Percentile par nombre de réponses
Votre historique - résultats
Vous n’avez pas pris ce quiz